000
00351 a2200169 4500
001
58429
020
_a
8508090730
040
_c
Anchieta - Pituba
100
_a
Abreu, Casimiro de
240
1
0
_a
As primaveras
_l
por
245
1
0
_a
As primaveras
300
_a
200
362
0
_a
2004
440
1
_a
Ática
650
4
_a
Poesia brasileira
942
_c
BK
999
_c
58429
_d
58429